| 000 | 00575nam a2200217Ia 4500 | ||
|---|---|---|---|
| 005 | 20250508164649.0 | ||
| 008 | 008 250505s9999 xx 000 0 eng d | ||
| 020 | _a978-81-269-0888-2 | ||
| 037 | _aTextual | ||
| 040 |
_aFEDL _beng _cFEDL |
||
| 041 |
_aeng _2eng |
||
| 084 |
_a305.4, RAH _qFEDL |
||
| 100 |
_aRahman Zainab _9778786 |
||
| 245 | 0 | _aWomen and society | |
| 260 |
_aDelhi, India _bKalpaz Publications _c2005 |
||
| 300 | _a286p. | ||
| 365 |
_aINR _b750 |
||
| 650 | _aGender studies | ||
| 942 |
_cTEXL _h305.4, RAH |
||
| 999 |
_c1390424 _d1390424 |
||